La Pobreza: descripción y análisis de políticas para superarla /
Durante varios años la CEPAL ha llevado adelante un proyecto interinstitucional con financiamiento del PNUD y del UNICEF sobre pobreza crítica en América Latina, en el cual se examinan de manera sistemática las características del fenómeno y se proponen políticas para superarlo ambos aspectos, diagn...
Salvato in:
| Autore principale: | |
|---|---|
| Natura: | testo |
| Soggetti: | |
| Tags: |
Aggiungi Tag
Nessun Tag, puoi essere il primo ad aggiungerne!!
|
MARC
| LEADER | 00000 a a2200000 04500 | ||
|---|---|---|---|
| 001 | 15758 | ||
| 003 | |||
| 040 | |||
| 100 | |a Molina S, Sergio | ||
| 245 | |a La Pobreza: |b descripción y análisis de políticas para superarla / |c Sergio Molina S | ||
| 520 | |a Durante varios años la CEPAL ha llevado adelante un proyecto interinstitucional con financiamiento del PNUD y del UNICEF sobre pobreza crítica en América Latina, en el cual se examinan de manera sistemática las características del fenómeno y se proponen políticas para superarlo ambos aspectos, diagnóstico y política, son reseñados en este artículo cuyo autor coordina el mencionado proyecto. En la primera parte, de carácter descriptivo, esboza la magnitud y características de la pobreza en la región, concluyendo que el crecimiento económico es una condición necesaria pero no suficiente para superarla y que la acción del Estado es imprescindible pues el libre juego de las fuerzas económicas no orienta la asignación de recursos en el sentido deseado. REV//jmml | ||
| 650 | |a DESARROLLO ECONOMICO Y SOCIAL | ||
| 650 | |a POLITICA DE DESARROLLO | ||
| 650 | |a OBSTACULOS AL DESARROLLO | ||
| 650 | |a CONDICIONES DE VIDA | ||
| 650 | |a POBREZA | ||
| 650 | |a DISTRIBUCION DEL INGRESO | ||
| 650 | |a POBREZA | ||
| 773 | |g número 18; páginas 93-117 | ||
| 999 | |c 24211 |d 24211 | ||
| 773 | 0 | |0 18890 |9 6125 |a Comisión Económica para América Latina y el Caribe |d Santiago, Chile: Comisión Económica para América Latina y el Caribe |o MFN: 2127 |t Revista de la CEPAL / | |
